| 000 | 01579cad a22002175a 4500 | ||
|---|---|---|---|
| 001 | L144435 | ||
| 008 | 080401s2008 xxk f 000 0 eng d | ||
| 035 | _a(Sirsi) u144435 | ||
| 041 | 0 | _aeng | |
| 050 | 0 | 4 | _a346.4104342 $2 18 |
| 110 | 2 |
_aAssociation of Residential Letting Agents _93020 |
|
| 245 | 0 | 0 |
_aARLA members survey of the buy to let sector _bsecond quarter 2008 _h[electronic resource] |
| 260 |
_aWarwick _bARLA _c2008 |
||
| 520 | _aPresents an ARLA survey based on 439 responses from letting agents and 288 responses from investor landlords received in early 2008. Overall average capital asset value of rented houses has fallen by 2.4% over the last three months as a result of falls of 2.4% for those managing properties in Prime Central London, 1.0% in the Rest of the South and 5.1% in the rest of the UK. Over the same period the average value of rented flats throughout the country fell by 2.7% as a result of falls of 3.0% in Prime Central London and 8.1% in the rest of the UK. Conversely, the average value of rented flats in the rest of the South East rose by 0.9%.. Only 5% of respondents reported that landlords are buying more properties, a drop from the first quarter result of 7%. There is continuing ignorance of tenancy deposit protection among both landlords and tenants. | ||
| 521 | 2 | _aAdvanced | |
| 590 | _aKA | ||
| 651 | 4 |
_aUnited Kingdom _y |
|
| 690 | _aPROPERTY-RESIDENTIAL PROPERTY-RESIDENTIAL PROPERTY MARKET | ||
| 856 | 4 | 0 |
_uhttps://www.arla.co.uk/btl/arlaindices_q208.htm _zView the item free of charge at www.arla.co.uk... |
| 942 | _n0 | ||
| 999 |
_c108510 _d108510 |
||